Didaktische Perspektiven der Phraseologie in der Gegenwart : Ansätze und Beiträge Zur Deutschsprachigen Phraseodidaktik in Europa.

Die Reihe bietet ein Forum für gebrauchs- und korpusbasierte Studien, die sprachliche, kognitive und konzeptuelle Vorgeformtheit auf allen sprachlichen Ebenen und außersprachlicher Natur in den Mittelpunkt der theoretischen und methodischen Betrachtungen im synchronen wie diachronen Schnitt rücken...

Full description

Bibliographic Details
Main Author: Mückel, Wenke.
Format: eBook
Language:German
Published: Berlin/Boston : Walter de Gruyter GmbH, 2022.
Edition:1st ed.
Series:Formelhafte Sprache / Formulaic Language Series
Subjects:
Online Access:Click to View
LEADER 01946nam a22003733i 4500
001 EBC7177473
003 MiAaPQ
005 20231204023228.0
006 m o d |
007 cr cnu||||||||
008 231204s2022 xx o ||||0 ger d
020 |a 9783110774375  |q (electronic bk.) 
035 |a (MiAaPQ)EBC7177473 
035 |a (Au-PeEL)EBL7177473 
035 |a (OCoLC)1353268933 
040 |a MiAaPQ  |b eng  |e rda  |e pn  |c MiAaPQ  |d MiAaPQ 
100 1 |a Mückel, Wenke. 
245 1 0 |a Didaktische Perspektiven der Phraseologie in der Gegenwart :  |b Ansätze und Beiträge Zur Deutschsprachigen Phraseodidaktik in Europa. 
250 |a 1st ed. 
264 1 |a Berlin/Boston :  |b Walter de Gruyter GmbH,  |c 2022. 
264 4 |c {copy}2023. 
300 |a 1 online resource (354 pages) 
336 |a text  |b txt  |2 rdacontent 
337 |a computer  |b c  |2 rdamedia 
338 |a online resource  |b cr  |2 rdacarrier 
490 1 |a Formelhafte Sprache / Formulaic Language Series ;  |v v.5 
520 |a Die Reihe bietet ein Forum für gebrauchs- und korpusbasierte Studien, die sprachliche, kognitive und konzeptuelle Vorgeformtheit auf allen sprachlichen Ebenen und außersprachlicher Natur in den Mittelpunkt der theoretischen und methodischen Betrachtungen im synchronen wie diachronen Schnitt rücken. 
588 |a Description based on publisher supplied metadata and other sources. 
590 |a Electronic reproduction. Ann Arbor, Michigan : ProQuest Ebook Central, 2023. Available via World Wide Web. Access may be limited to ProQuest Ebook Central affiliated libraries.  
655 4 |a Electronic books. 
776 0 8 |i Print version:  |a Mückel, Wenke  |t Didaktische Perspektiven der Phraseologie in der Gegenwart  |d Berlin/Boston : Walter de Gruyter GmbH,c2022 
797 2 |a ProQuest (Firm) 
830 0 |a Formelhafte Sprache / Formulaic Language Series 
856 4 0 |u https://ebookcentral.proquest.com/lib/matrademy/detail.action?docID=7177473  |z Click to View